| 000 | 01035nas a2200325 4500 | ||
|---|---|---|---|
| 001 | BR2017000071 | ||
| 003 | BR-BrBNA | ||
| 005 | 20231205130810.0 | ||
| 007 | ta | ||
| 008 | 230509b bl.|||p| |||| 00| 00por d | ||
| 040 |
_aBR-BrBNA _bpor _cBiblioteca Nacional de Agricultura |
||
| 041 | _a(En) | ||
| 072 | _aF30 | ||
| 100 | 1 | _aMaia, M.C.C. | |
| 100 | 1 | _aAlmeida, A. da S. | |
| 100 | 1 | _aMacedo, L.M. | |
| 100 | 1 | _aResende, M.D.V. de | |
| 100 | 1 | _aLacerda, M.N. de | |
| 100 | 1 | _aVasconcelos, L.F.L. | |
| 100 | 1 | _aOliveira, L.C. de | |
| 100 | 1 | _aSilva, R.B. de | |
| 245 | 1 | _aHeritability, repeatability, and genetica gains in a improvement population of cajuizeiro | |
| 650 | _aCAJUÍ | ||
| 650 | _aGENÓTIPO | ||
| 650 | _aMELHORAMENTO GENÉTICO VEGETAL | ||
| 773 | 0 |
_tRevista Árvore (Brazil) _xISSN 1806-9088 _g(Jul-Aug 2016), v. 40(4) p. 715-722 _wBR2017000071 |
|
| 856 | 4 | 0 | _uhttp://www.scielo.br/pdf/rarv/v40n4/0100-6762-rarv-40-04-0715.pdf |
| 909 |
_a202311 _bLúcia _c55 _dLúcia Elande |
||
| 942 |
_2AGRIS _n0 _cANA |
||
| 999 |
_c251316 _d251316 |
||